Invention of religion in Japan (Record no. 1111327)

MARC details
000 -LEADER
fixed length control field 00960nam a2200289Ia 4500
003 - CONTROL NUMBER IDENTIFIER
control field OSt
005 - DATE AND TIME OF LATEST TRANSACTION
control field 20221006155716.0
008 - FIXED-LENGTH DATA ELEMENTS--GENERAL INFORMATION
fixed length control field 221006b |||||||| |||| 00| 0 eng d
020 ## - INTERNATIONAL STANDARD BOOK NUMBER
International Standard Book Number 9780226412344
-- 0.00
037 ## - SOURCE OF ACQUISITION
Terms of availability Textual
040 ## - CATALOGING SOURCE
Original cataloging agency EASL
Transcribing agency EASL
Language of cataloging eng
041 ## - LANGUAGE CODE
Source of code eng
Language code of text/sound track or separate title eng
100 ## - MAIN ENTRY--PERSONAL NAME
Personal name Josephson Jason Änanda
9 (RLIN) 670085
245 #0 - TITLE STATEMENT
Title Invention of religion in Japan
260 ## - PUBLICATION, DISTRIBUTION, ETC.
Place of publication, distribution, etc. Chicago
Name of publisher, distributor, etc. University of Chicago Press U.S.A.
Date of publication, distribution, etc. 2012
300 ## - PHYSICAL DESCRIPTION
Extent 402p.
Dimensions cm.
650 ## - SUBJECT ADDED ENTRY--TOPICAL TERM
Topical term or geographic name entry element Japan - History - Meiji period
650 ## - SUBJECT ADDED ENTRY--TOPICAL TERM
Topical term or geographic name entry element Japan - Religion - History
9 (RLIN) 670086
650 ## - SUBJECT ADDED ENTRY--TOPICAL TERM
Topical term or geographic name entry element Religion and state - Japan - History
9 (RLIN) 670087
650 ## - SUBJECT ADDED ENTRY--TOPICAL TERM
Topical term or geographic name entry element JEL
942 ## - ADDED ENTRY ELEMENTS (KOHA)
Classification part Q842vN12, Q2
Koha item type Textual
Source of classification or shelving scheme Colon Classification (CC)
Holdings
Withdrawn status Lost status Source of classification or shelving scheme Materials specified (bound volume or other part) Damaged status Not for loan Home library Current library Date acquired Source of acquisition Total Checkouts Full call number Barcode Date last seen Price effective from Koha item type
    Colon Classification (CC) 0.00     Department of East Asian Studies Library Department of East Asian Studies Library 2022-10-06 154/2012-13, 08/01/2013, Pioneer Book Distributor   Q842vN12 Q2 EA1396112 2022-10-06 2022-10-06 Textual
Copyright @ Delhi University Library System